Nghiên cứu và chế tạo màng nano TiO2-SiO2 quang xúc tác tự làm sạch : Chuyên ngành: Vật lý Kỹ thuật
Vấn đề ô nhiễm môi trường là một thực trạng nhức nhối cần phải giải quyết, việc chế tạo và sử dụng vật liệu thân thiện với môi trường luôn được ưu tiên và quan tâm hàng đầu hiện nay. Chế tạo bề mặt thông minh có đặc tính tự...
Enregistré dans:
| Auteur principal: | |
|---|---|
| Format: | Livre |
| Langue: | Undetermined |
| Publié: |
Cần Thơ
Trường Đại học Cần Thơ
2009
|
| Sujets: | |
| Tags: |
Ajouter un tag
Pas de tags, Soyez le premier à ajouter un tag!
|
| Thư viện lưu trữ: | Trung tâm Học liệu Trường Đại học Cần Thơ |
|---|
| LEADER | 01313nam a2200217Ia 4500 | ||
|---|---|---|---|
| 001 | CTU_154398 | ||
| 008 | 210402s9999 xx 000 0 und d | ||
| 082 | |a 530.41 | ||
| 082 | |b Y254 | ||
| 088 | |a 60440103 | ||
| 100 | |a Nguyễn, Thị Huỳnh Yến | ||
| 245 | 0 | |a Nghiên cứu và chế tạo màng nano TiO2-SiO2 quang xúc tác tự làm sạch : | |
| 245 | 0 | |b Chuyên ngành: Vật lý Kỹ thuật | |
| 245 | 0 | |c Nguyễn Thị Huỳnh Yến ; Hướng dẫn khoa học: Nguyễn Mạnh Tuấn | |
| 260 | |a Cần Thơ | ||
| 260 | |b Trường Đại học Cần Thơ | ||
| 260 | |c 2009 | ||
| 520 | |a Vấn đề ô nhiễm môi trường là một thực trạng nhức nhối cần phải giải quyết, việc chế tạo và sử dụng vật liệu thân thiện với môi trường luôn được ưu tiên và quan tâm hàng đầu hiện nay. Chế tạo bề mặt thông minh có đặc tính tự làm sạch mà không chất tẩy rửa là nội dung chính mà đề tài quan tâm và nghiên cứu thực hiện. | ||
| 650 | |a Soild state phyics,Nanotechnology | ||
| 904 | |i Giang | ||
| 980 | |a Trung tâm Học liệu Trường Đại học Cần Thơ | ||